[Event "European Online Club-ch-C 2021"]
[Site "Online"]
[Date "2021.03.27"]
[Round "5.5"]
[White "Delgado Ramirez, Neuris"]
[Black "Bluebaum, Matthias"]
[Result "0-1"]
[WhiteElo "2615"]
[BlackElo "2670"]
[Annotator "ChessBase"]
[PlyCount "120"]
[EventDate "2021.03.27"]
[EventType "team-tourn"]
[EventCountry "NET"]
[SourceTitle "playchess.com"]
[Source "ChessBase"]
[SourceQuality "1"]
[TimeControl "900+5"]

1. e4 {[%emt 0:00:00]} e6 {[%emt 0:00:04]} 2. d4 {[%emt 0:00:40]} d5 {[%emt 0:00:05]} 3. Nc3 {[%emt 0:00:04]} Nf6 {[%emt 0:00:07]} 4. e5 {[%emt 0:00:56]} Nfd7 {[%emt 0:00:04]} 5. Nce2 {[%emt 0:00:03]} c5 {[%emt 0:00:06]} 6. c3 {[%emt 0:00:02]} Nc6 {[%emt 0:00:04]} 7. Nf3 {[%emt 0:00:04]} Be7 {[%emt 0:00:15]} 8. a3 {[%emt 0:00:16]} O-O {[%emt 0:00:29]} 9. Nf4 {[%emt 0:00:15]} Qa5 {[%emt 0:00:05]} 10. Bd3 {[%emt 0:00:49]} Nxd4 {[%emt 0:00:34]} 11. Nxd4 {[%emt 0:00:05]} cxd4 {[%emt 0:00:00]} 12. Qh5 {[%emt 0:02:31]} f5 {[%emt 0:02:34]} 13. exf6 {[%emt 0:04:33]} Nxf6 {[%emt 0:00:05]} 14. Qh4 {[%emt 0:00:03]} e5 {[%emt 0:01:22]} 15. b4 {[%emt 0:00:18]} Qd8 {[%emt 0:00:44]} 16. Ng6 {[%emt 0:00:40]} e4 {[%emt 0:01:57]} 17. Nxf8 {[%emt 0:00:18]} exd3 {[%emt 0:01:24]} 18. Qxd4 {[%emt 0:00:22]} Qxf8 {[%emt 0:00:05]} 19. Qxd3 {[%emt 0:00:05]} Be6 {[%emt 0:00:35]} 20. O-O {[%emt 0:00:05]} Bd6 {[%emt 0:00:18]} 21. h3 {[%emt 0:00:32]} Ne4 {[%emt 0:00:40]} 22. c4 {[%emt 0:01:07]} Qf6 {[%emt 0:00:03]} 23. Ra2 {[%emt 0:00:58]} Qc3 {[%emt 0:01:08]} 24. Rd2 {[%emt 0:01:02]} Be5 {[%emt 0:01:44]} 25. Qxc3 {[%emt 0:00:22]} Bxc3 {[%emt 0:00:00]} 26. Re2 {[%emt 0:00:03]} Kf7 {[%emt 0:00:43]} 27. Rd1 {[%emt 0:00:02]} Nf6 {[%emt 0:00:02]} 28. cxd5 {[%emt 0:00:10]} Bxd5 {[%emt 0:00:04]} 29. Bb2 {[%emt 0:00:09]} Bc4 {[%emt 0:00:19]} 30. Rc2 {[%emt 0:00:13]} Bb3 {[%emt 0:00:02]} 31. Rxc3 {[%emt 0:00:01]} Bxd1 {[%emt 0:00:01]} 32. Rc7+ {[%emt 0:00:02]} Kg6 {[%emt 0:00:01]} 33. Rxb7 {[%emt 0:00:02]} a6 {[%emt 0:00:02]} 34. Rb6 {[%emt 0:00:07]} Be2 {[%emt 0:00:08]} 35. f4 {[%emt 0:00:06]} Kf5 {[%emt 0:00:39]} 36. Rb7 {[%emt 0:00:14]} Rg8 {[%emt 0:00:10]} 37. Be5 {[%emt 0:00:04]} h5 {[%emt 0:00:15]} 38. Kf2 {[%emt 0:00:02]} Bb5 {[%emt 0:00:03]} 39. Ra7 {[%emt 0:00:06]} Nd5 {[%emt 0:00:21]} 40. Kf3 {[%emt 0:00:10]} g5 {[%emt 0:00:22]} 41. g4+ {[%emt 0:00:07]} hxg4+ {[%emt 0:00:03]} 42. hxg4+ {[%emt 0:00:02]} Ke6 {[%emt 0:00:01]} 43. a4 {[%emt 0:00:12]} Bc4 {[%emt 0:00:20]} 44. b5 {[%emt 0:00:02]} axb5 {[%emt 0:00:14]} 45. Ra6+ {[%emt 0:00:06]} Ke7 {[%emt 0:00:11]} 46. Ra7+ {[%emt 0:00:04]} Ke6 {[%emt 0:00:02]} 47. Ra6+ {[%emt 0:00:02]} Kd7 {[%emt 0:00:01]} 48. axb5 {[%emt 0:00:12]} gxf4 {[%emt 0:00:14]} 49. Rd6+ {[%emt 0:00:07]} Ke7 {[%emt 0:00:01]} 50. b6 {[%emt 0:00:02]} Ba6 {[%emt 0:00:06]} 51. Rh6 {[%emt 0:00:16]} Kd7 {[%emt 0:00:01]} 52. Rd6+ {[%emt 0:00:03]} Kc8 {[%emt 0:00:04]} 53. Rc6+ {[%emt 0:00:11]} Kb7 {[%emt 0:00:03]} 54. Rd6 {[%emt 0:00:02]} Ka8 {[%emt 0:00:08]} 55. Ke4 {[%emt 0:00:09]} Bb7 {[%emt 0:00:02]} 56. Kd4 {[%emt 0:00:09]} f3 {[%emt 0:00:04]} 57. Rd7 {[%emt 0:00:06]} Rf8 {[%emt 0:00:05]} 58. Bg3 {[%emt 0:00:06]} Nxb6 {[%emt 0:00:02]} 59. Rd6 {[%emt 0:00:04]} Nc8 {[%emt 0:00:02]} 60. Rd7 {[%emt 0:00:02]} f2 {[%emt 0:00:02]} 0-1

[Event "European Online Club-ch-C 2021"]
[Site "Online"]
[Date "2021.03.27"]
[Round "5.6"]
[White "Donchenko, Alexander"]
[Black "Martinez Alcantara, Jose Eduardo"]
[Result "0-1"]
[WhiteElo "2678"]
[BlackElo "2620"]
[Annotator "ChessBase"]
[PlyCount "104"]
[EventDate "2021.03.27"]
[EventType "team-tourn"]
[EventCountry "NET"]
[SourceTitle "playchess.com"]
[Source "ChessBase"]
[SourceQuality "1"]
[TimeControl "900+5"]

1. d4 {[%emt 0:00:00]} Nf6 {[%emt 0:00:05]} 2. c4 {[%emt 0:00:02]} e6 {[%emt 0:00:01]} 3. Nc3 {[%emt 0:00:01]} Bb4 {[%emt 0:00:05]} 4. Qc2 {[%emt 0:00:03]} d6 {[%emt 0:00:22]} 5. e3 {[%emt 0:00:03]} Nc6 {[%emt 0:01:01]} 6. Bd3 {[%emt 0:00:15]} e5 {[%emt 0:00:03]} 7. d5 {[%emt 0:00:14]} Bxc3+ {[%emt 0:00:02]} 8. Qxc3 {[%emt 0:00:07]} Ne7 {[%emt 0:00:15]} 9. f3 {[%emt 0:01:09]} O-O {[%emt 0:00:47]} 10. Ne2 {[%emt 0:00:07]} c5 {[%emt 0:02:50]} 11. e4 {[%emt 0:00:38]} Ng6 {[%emt 0:01:35]} 12. Be3 {[%emt 0:01:41]} a5 {[%emt 0:00:56]} 13. Qd2 {[%emt 0:01:53]} Ne8 {[%emt 0:00:55]} 14. O-O-O {[%emt 0:02:43]} f5 {[%emt 0:00:58]} 15. exf5 {[%emt 0:01:36]} Bxf5 {[%emt 0:00:04]} 16. Bxf5 {[%emt 0:00:02]} Rxf5 {[%emt 0:00:01]} 17. h4 {[%emt 0:00:01]} Ne7 {[%emt 0:02:32]} 18. h5 {[%emt 0:00:22]} Rf7 {[%emt 0:00:38]} 19. h6 {[%emt 0:00:05]} g6 {[%emt 0:00:01]} 20. f4 {[%emt 0:00:03]} Nf5 {[%emt 0:00:41]} 21. Rdf1 {[%emt 0:00:51]} Nf6 {[%emt 0:00:41]} 22. fxe5 {[%emt 0:00:13]} dxe5 {[%emt 0:00:01]} 23. Bg5 {[%emt 0:00:42]} Ne4 {[%emt 0:00:38]} 24. Bxd8 {[%emt 0:00:08]} Nxd2 {[%emt 0:00:02]} 25. Kxd2 {[%emt 0:00:03]} Rxd8 {[%emt 0:00:01]} 26. Nc3 {[%emt 0:00:38]} Nxh6 {[%emt 0:00:39]} 27. Na4 {[%emt 0:01:44]} b5 {[%emt 0:00:45]} 28. Rxf7 {[%emt 0:00:53]} Nxf7 {[%emt 0:00:03]} 29. cxb5 {[%emt 0:00:01]} Rxd5+ {[%emt 0:00:05]} 30. Ke2 {[%emt 0:00:10]} Nd6 {[%emt 0:00:21]} 31. b6 {[%emt 0:00:04]} Rd4 {[%emt 0:00:03]} 32. b3 {[%emt 0:00:06]} c4 {[%emt 0:00:09]} 33. Rd1 {[%emt 0:00:12]} Rxd1 {[%emt 0:00:09]} 34. Kxd1 {[%emt 0:00:01]} cxb3 {[%emt 0:00:03]} 35. axb3 {[%emt 0:00:00]} Nb7 {[%emt 0:00:10]} 36. Ke2 {[%emt 0:00:17]} Kf7 {[%emt 0:00:02]} 37. Kd3 {[%emt 0:00:02]} Ke6 {[%emt 0:00:01]} 38. Kc4 {[%emt 0:00:02]} Kd6 {[%emt 0:00:08]} 39. Kb5 {[%emt 0:00:02]} h5 {[%emt 0:00:08]} 40. Nc3 {[%emt 0:00:15]} h4 {[%emt 0:00:08]} 41. Ne4+ {[%emt 0:00:04]} Kd5 {[%emt 0:00:08]} 42. Ka6 {[%emt 0:00:14]} Kc6 {[%emt 0:00:02]} 43. Ka7 {[%emt 0:00:02]} Nd8 {[%emt 0:00:05]} 44. Ng5 {[%emt 0:00:06]} Kd5 {[%emt 0:00:03]} 45. b7 {[%emt 0:00:37]} e4 {[%emt 0:00:01]} 46. Kb6 {[%emt 0:00:12]} Nxb7 {[%emt 0:00:02]} 47. Kxb7 {[%emt 0:00:00]} e3 {[%emt 0:00:08]} 48. Kb6 {[%emt 0:00:02]} e2 {[%emt 0:00:01]} 49. Nf3 {[%emt 0:00:02]} g5 {[%emt 0:00:05]} 50. Kxa5 {[%emt 0:00:05]} g4 {[%emt 0:00:01]} 51. Ne1 {[%emt 0:00:03]} h3 {[%emt 0:00:02]} 52. gxh3 {[%emt 0:00:02]} gxh3 {[%emt 0:00:01]} 0-1

[Event "European Online Club-ch-C 2021"]
[Site "Online"]
[Date "2021.03.27"]
[Round "5.7"]
[White "Guerrero Olmos, Sergio"]
[Black "Heimann, Andreas"]
[Result "1-0"]
[WhiteElo "2372"]
[BlackElo "2606"]
[Annotator "ChessBase"]
[PlyCount "79"]
[EventDate "2021.03.27"]
[EventType "team-tourn"]
[EventCountry "NET"]
[SourceTitle "playchess.com"]
[Source "ChessBase"]
[SourceQuality "1"]
[TimeControl "900+5"]

1. d4 {[%emt 0:00:00]} Nf6 {[%emt 0:00:03]} 2. Nf3 {[%emt 0:00:01]} g6 {[%emt 0:00:03]} 3. Bf4 {[%emt 0:00:01]} Bg7 {[%emt 0:00:02]} 4. e3 {[%emt 0:00:01]} d6 {[%emt 0:00:01]} 5. h3 {[%emt 0:00:03]} O-O {[%emt 0:00:04]} 6. Be2 {[%emt 0:00:04]} c5 {[%emt 0:00:03]} 7. c3 {[%emt 0:00:12]} Qb6 {[%emt 0:00:04]} 8. Qb3 {[%emt 0:00:09]} Be6 {[%emt 0:00:02]} 9. Qa3 {[%emt 0:00:09]} Ne4 {[%emt 0:03:11]} 10. O-O {[%emt 0:00:18]} Nd7 {[%emt 0:00:02]} 11. Nbd2 {[%emt 0:00:39]} Nxd2 {[%emt 0:00:07]} 12. Nxd2 {[%emt 0:00:04]} Qc7 {[%emt 0:00:07]} 13. Bf3 {[%emt 0:00:18]} f5 {[%emt 0:01:22]} 14. Rfe1 {[%emt 0:01:19]} Bf7 {[%emt 0:00:10]} 15. Bh2 {[%emt 0:00:33]} e5 {[%emt 0:00:09]} 16. e4 {[%emt 0:00:19]} f4 {[%emt 0:00:16]} 17. b4 {[%emt 0:00:25]} exd4 {[%emt 0:00:32]} 18. Bxf4 {[%emt 0:00:47]} dxc3 {[%emt 0:00:11]} 19. Nb3 {[%emt 0:00:19]} c4 {[%emt 0:00:45]} 20. Nc5 {[%emt 0:00:05]} Ne5 {[%emt 0:01:30]} 21. Bxe5 {[%emt 0:00:07]} Bxe5 {[%emt 0:00:12]} 22. Na4 {[%emt 0:00:04]} Be6 {[%emt 0:02:20]} 23. Nxc3 {[%emt 0:02:01]} Rxf3 {[%emt 0:01:25]} 24. gxf3 {[%emt 0:00:03]} Rf8 {[%emt 0:00:12]} 25. Nd5 {[%emt 0:01:56]} Bxd5 {[%emt 0:00:47]} 26. exd5 {[%emt 0:00:03]} Bxa1 {[%emt 0:00:00]} 27. Rxa1 {[%emt 0:00:04]} Qf7 {[%emt 0:00:03]} 28. Qxa7 {[%emt 0:00:50]} Qxf3 {[%emt 0:00:20]} 29. Re1 {[%emt 0:00:12]} Qxd5 {[%emt 0:00:07]} 30. Re3 {[%emt 0:00:41]} Qd2 {[%emt 0:00:31]} 31. Re4 {[%emt 0:02:56]} d5 {[%emt 0:00:50]} 32. Rg4 {[%emt 0:01:23]} c3 {[%emt 0:00:06]} 33. Qb6 {[%emt 0:00:05]} Qd1+ {[%emt 0:00:35]} 34. Kh2 {[%emt 0:00:14]} Qd3 {[%emt 0:00:08]} 35. Qe6+ {[%emt 0:00:06]} Rf7 {[%emt 0:00:23]} 36. Qe8+ {[%emt 0:00:04]} Kg7 {[%emt 0:00:02]} 37. Qe5+ {[%emt 0:00:05]} Kf8 {[%emt 0:00:04]} 38. Qb8+ {[%emt 0:00:27]} Ke7 {[%emt 0:00:05]} 39. Qxb7+ {[%emt 0:00:13]} Kf6 {[%emt 0:00:01]} 40. Rf4+ {[%emt 0:00:04]} 1-0

[Event "European Online Club-ch-C 2021"]
[Site "Online"]
[Date "2021.03.27"]
[Round "5.8"]
[White "Kollars, Dmitrij"]
[Black "Alvarez Fernandez, Enrique"]
[Result "1-0"]
[WhiteElo "2598"]
[BlackElo "2349"]
[Annotator "ChessBase"]
[PlyCount "115"]
[EventDate "2021.03.27"]
[EventType "team-tourn"]
[EventCountry "NET"]
[SourceTitle "playchess.com"]
[Source "ChessBase"]
[SourceQuality "1"]
[TimeControl "900+5"]

1. d4 {[%emt 0:00:00]} d5 {[%emt 0:00:07]} 2. c4 {[%emt 0:01:33]} c6 {[%emt 0:00:06]} 3. Nf3 {[%emt 0:00:07]} Nf6 {[%emt 0:00:06]} 4. Nc3 {[%emt 0:00:02]} dxc4 {[%emt 0:00:07]} 5. e4 {[%emt 0:00:11]} b5 {[%emt 0:00:20]} 6. Be2 {[%emt 0:00:08]} e6 {[%emt 0:01:05]} 7. O-O {[%emt 0:00:12]} Be7 {[%emt 0:02:11]} 8. a4 {[%emt 0:00:04]} b4 {[%emt 0:00:24]} 9. e5 {[%emt 0:00:02]} bxc3 {[%emt 0:01:50]} 10. exf6 {[%emt 0:00:05]} Bxf6 {[%emt 0:00:31]} 11. bxc3 {[%emt 0:00:03]} O-O {[%emt 0:00:18]} 12. Ne5 {[%emt 0:01:47]} Ba6 {[%emt 0:01:54]} 13. Bf3 {[%emt 0:01:46]} Qa5 {[%emt 0:02:06]} 14. Ba3 {[%emt 0:01:31]} Rd8 {[%emt 0:00:49]} 15. Qe1 {[%emt 0:01:01]} Qc7 {[%emt 0:01:17]} 16. Rb1 {[%emt 0:00:52]} Bb7 {[%emt 0:01:03]} 17. Qe3 {[%emt 0:02:38]} Nd7 {[%emt 0:00:53]} 18. Ng4 {[%emt 0:01:57]} Rab8 {[%emt 0:00:38]} 19. Be4 {[%emt 0:00:29]} h5 {[%emt 0:00:12]} 20. Qh3 {[%emt 0:00:17]} Qf4 {[%emt 0:00:13]} 21. Nxf6+ {[%emt 0:00:15]} Nxf6 {[%emt 0:00:04]} 22. Bf3 {[%emt 0:00:00]} Ba8 {[%emt 0:00:16]} 23. Bc1 {[%emt 0:01:21]} Qf5 {[%emt 0:00:12]} 24. Qxf5 {[%emt 0:00:02]} exf5 {[%emt 0:00:02]} 25. Bg5 {[%emt 0:00:01]} c5 {[%emt 0:00:11]} 26. Bxf6 {[%emt 0:00:11]} gxf6 {[%emt 0:00:03]} 27. dxc5 {[%emt 0:00:32]} Bxf3 {[%emt 0:00:04]} 28. gxf3 {[%emt 0:00:00]} Rbc8 {[%emt 0:00:07]} 29. Rb5 {[%emt 0:00:03]} Rd5 {[%emt 0:00:04]} 30. Ra5 {[%emt 0:00:06]} Rc7 {[%emt 0:00:05]} 31. Ra6 {[%emt 0:00:04]} Kg7 {[%emt 0:00:04]} 32. Kh1 {[%emt 0:00:08]} f4 {[%emt 0:00:06]} 33. h4 {[%emt 0:00:02]} Rdxc5 {[%emt 0:00:06]} 34. Rg1+ {[%emt 0:00:02]} Kf8 {[%emt 0:00:02]} 35. Rxf6 {[%emt 0:00:01]} R7c6 {[%emt 0:00:08]} 36. Rxf4 {[%emt 0:00:02]} Ra6 {[%emt 0:00:02]} 37. Rb1 {[%emt 0:00:10]} Rb6 {[%emt 0:00:12]} 38. Rd1 {[%emt 0:00:05]} Ra6 {[%emt 0:00:05]} 39. Rd7 {[%emt 0:00:04]} f6 {[%emt 0:00:03]} 40. Rb7 {[%emt 0:00:15]} Rxa4 {[%emt 0:00:06]} 41. Rd4 {[%emt 0:00:01]} Re5 {[%emt 0:00:06]} 42. Rdd7 {[%emt 0:00:07]} Ra1+ {[%emt 0:00:03]} 43. Kg2 {[%emt 0:00:02]} a5 {[%emt 0:00:06]} 44. Rf7+ {[%emt 0:00:02]} Kg8 {[%emt 0:00:02]} 45. Rg7+ {[%emt 0:00:02]} Kh8 {[%emt 0:00:05]} 46. Rgf7 {[%emt 0:00:09]} Re8 {[%emt 0:00:04]} 47. Ra7 {[%emt 0:00:05]} Rg8+ {[%emt 0:00:04]} 48. Kh2 {[%emt 0:00:02]} Rgg1 {[%emt 0:00:03]} 49. Rf8+ {[%emt 0:00:01]} Rg8 {[%emt 0:00:05]} 50. Rxf6 {[%emt 0:00:00]} Rgg1 {[%emt 0:00:14]} 51. Rf8+ {[%emt 0:00:02]} Rg8 {[%emt 0:00:02]} 52. Rf5 {[%emt 0:00:00]} Rgg1 {[%emt 0:00:05]} 53. Rxh5+ {[%emt 0:00:06]} Kg8 {[%emt 0:00:02]} 54. Rg5+ {[%emt 0:00:00]} Rxg5 {[%emt 0:00:02]} 55. hxg5 {[%emt 0:00:00]} a4 {[%emt 0:00:10]} 56. Kg3 {[%emt 0:00:24]} a3 {[%emt 0:00:05]} 57. Kf4 {[%emt 0:00:02]} a2 {[%emt 0:00:02]} 58. Kf5 {[%emt 0:00:04]} 1-0

[Event "European Online Club-ch-C 2021"]
[Site "Online"]
[Date "2021.03.27"]
[Round "5.9"]
[White "Babula, Vlastimil"]
[Black "Fedoseev, Vladimir"]
[Result "1-0"]
[WhiteElo "2559"]
[BlackElo "2687"]
[Annotator "ChessBase"]
[PlyCount "65"]
[EventDate "2021.03.27"]
[EventType "team-tourn"]
[EventCountry "NET"]
[SourceTitle "playchess.com"]
[Source "ChessBase"]
[SourceQuality "1"]
[TimeControl "900+5"]

1. d4 {[%emt 0:00:00]} Nf6 {[%emt 0:00:14]} 2. c4 {[%emt 0:00:03]} g6 {[%emt 0:00:02]} 3. Nc3 {[%emt 0:00:04]} Bg7 {[%emt 0:00:01]} 4. e4 {[%emt 0:00:02]} d6 {[%emt 0:00:02]} 5. Nf3 {[%emt 0:00:04]} O-O {[%emt 0:00:01]} 6. Be2 {[%emt 0:00:02]} e5 {[%emt 0:00:37]} 7. d5 {[%emt 0:00:08]} Na6 {[%emt 0:00:42]} 8. Nd2 {[%emt 0:00:14]} Bh6 {[%emt 0:03:08]} 9. Nb3 {[%emt 0:00:20]} Bxc1 {[%emt 0:00:18]} 10. Rxc1 {[%emt 0:00:56]} Qe7 {[%emt 0:01:24]} 11. O-O {[%emt 0:00:47]} Kg7 {[%emt 0:00:07]} 12. Qd2 {[%emt 0:00:37]} Bg4 {[%emt 0:00:05]} 13. Na5 {[%emt 0:02:39]} Bxe2 {[%emt 0:03:16]} 14. Qxe2 {[%emt 0:00:14]} b6 {[%emt 0:00:09]} 15. Nc6 {[%emt 0:00:13]} Qd7 {[%emt 0:00:05]} 16. f4 {[%emt 0:01:21]} exf4 {[%emt 0:00:34]} 17. Rxf4 {[%emt 0:00:36]} Nb8 {[%emt 0:01:04]} 18. Rcf1 {[%emt 0:01:21]} Nh5 {[%emt 0:00:12]} 19. R4f2 {[%emt 0:00:05]} Kg8 {[%emt 0:00:02]} 20. Nd4 {[%emt 0:00:41]} Ng7 {[%emt 0:00:16]} 21. e5 {[%emt 0:02:17]} dxe5 {[%emt 0:00:08]} 22. Qxe5 {[%emt 0:00:06]} f5 {[%emt 0:00:02]} 23. g4 {[%emt 0:00:33]} c5 {[%emt 0:00:29]} 24. Ne6 {[%emt 0:00:23]} Nxe6 {[%emt 0:00:14]} 25. dxe6 {[%emt 0:00:17]} Nc6 {[%emt 0:00:02]} 26. Qd5 {[%emt 0:00:31]} Qe8 {[%emt 0:00:05]} 27. gxf5 {[%emt 0:00:12]} Ne7 {[%emt 0:00:07]} 28. Qg2 {[%emt 0:00:04]} Qc6 {[%emt 0:01:17]} 29. f6 {[%emt 0:00:15]} Qxg2+ {[%emt 0:00:19]} 30. Kxg2 {[%emt 0:00:05]} Nf5 {[%emt 0:00:07]} 31. Nd5 {[%emt 0:00:06]} Rfd8 {[%emt 0:00:20]} 32. Rxf5 {[%emt 0:00:15]} gxf5 {[%emt 0:00:03]} 33. Rxf5 {[%emt 0:00:02]} 1-0

[Event "European Online Club-ch-C 2021"]
[Site "Online"]
[Date "2021.03.27"]
[Round "5.10"]
[White "Vitiugov, Nikita"]
[Black "Grigorian, Spartak"]
[Result "1-0"]
[WhiteElo "2715"]
[BlackElo "2458"]
[Annotator "TA"]
[PlyCount "164"]
[EventDate "2021.03.27"]
[EventType "team-tourn"]
[EventCountry "NET"]
[SourceTitle "playchess.com"]
[Source "ChessBase"]
[SourceQuality "1"]

{[%evp 9,164,-11,0,-2,-4,-4,7,-14,-2,-8,0,-29,0,0,0,-33,-25,-41,-37,-55,-10,-64,-65,-78,123,123,123,128,120,127,122,122,118,119,127,74,128,47,121,129,145,95,171,133,150,133,191,155,166,163,164,166,164,130,130,114,130,130,130,114,191,149,149,149,224,163,165,126,191,183,268,242,322,301,291,280,360,335,325,237,237,190,209,0,233,233,347,298,348,221,344,329,341,324,352,340,328,311,383,187,269,196,196,196,423,389,321,182,182,181,371,371,322,350,356,336,537,528,498,477,446,432,743,281,1448,1441,1441,1441,1426,1417,1345,1419,1419,1412,1393,1393,1345,1358,1346,1328,1346,1256,1233,1177,1022,1022,29949,29943,29969,29971,29969,29973,29983,29984,29984,29985,29994]} 1. d4 Nf6 2. Nc3 d5 3. Bf4 c5 4. e3 cxd4 5. exd4 a6 6. Nf3 {B13: Caro-Kann: Exchange Variation and Panov-Botvinnik Attack.} Nc6 7. Ne5 Bd7 8. Qd2 $5 {[%mdl 4] The position is equal. Exploring less charted territory.} e6 9. a3 Rc8 10. f3 {[#]} Qb6 $146 ({Predecessor:} 10... b5 11. Nxc6 Bxc6 12. Bd3 Be7 13. O-O O-O 14. Kh1 Qb6 15. Qf2 a5 16. Rfe1 Rfe8 {1-0 (94) Quintiliano Pinto,R (2443)-Krysa,L (2507) Buenos Aires 2016}) 11. Nxc6 Bxc6 12. Rb1 Be7 13. h4 Nh5 14. Be5 Qd8 15. Qf2 (15. Bd3 $1 $11) 15... f6 $15 16. Bh2 {And now g4 would win.} Bd6 $2 (16... f5 $17 17. Be5 f4) 17. g4 $1 $16 {[%cal Rg4h5]} Nf4 18. Qe3 g5 19. hxg5 fxg5 20. Bxf4 Bxf4 21. Qxe6+ Qe7 22. Qxe7+ Kxe7 {[#]} 23. Bd3 ({Better is} 23. Kf2 $1 $16) 23... h6 (23... Be3 $1 $14) 24. Kf2 Rcf8 25. Ne2 Kd6 (25... Bc7 $16) 26. Rbe1 Bd7 27. Kg2 Rf6 (27... Bd2 $16 {might work better.}) 28. c3 Re8 29. Nxf4 Rxe1 30. Rxe1 Rxf4 $18 {[%mdl 4096] Endgame KRB-KRB} 31. Bg6 Rf6 32. Be8 Be6 33. Ba4 Bf7 34. Bc2 Be6 (34... Re6 $16 {is a better defense.} 35. Rxe6+ Bxe6) 35. Kg3 Bd7 36. Re5 Be6 (36... Bc6 $16 {was called for.} 37. Bf5 Ba4) 37. Bd3 Bd7 38. Be2 Be6 (38... Ba4 $16 39. Bd3 Re6) 39. a4 {[%cal Ba3a4,Ba4a5][%mdl 32]} Bd7 {[#]} (39... a5 $142 40. Bd3 Bd7) 40. a5 $1 Be6 41. Bd1 Rf8 42. Bc2 Rf6 43. Bd3 Rf8 44. Re1 Rf6 45. Ra1 Bd7 46. Re1 Be6 $1 47. Re2 Bd7 (47... Kd7 $142 48. Re5 Bf7 49. Bf5+ Kd8) 48. Bc2 Rf8 49. Bb3 Rf6 (49... Bc6 $142 50. Re5 Rb8) 50. Re5 Be6 51. Bc2 Bd7 52. Bd3 Be6 53. b3 Rf4 54. Re2 (54. Bf5 $142 Bxf5 55. Rxf5 (55. gxf5 h5 $16) 55... Rxf5 56. gxf5) 54... Bd7 (54... Kd7 $142 55. Re5 Kd6) 55. Rh2 Rf6 56. c4 Bc6 $2 (56... Kc7 57. cxd5 Kd6) 57. Bf5 Bd7 58. Bxd7 (58. c5+ $142 Ke7 59. Re2+ Kd8 60. Re5) 58... Kxd7 {KR-KR} 59. Kf2 ({Don't take} 59. cxd5 $6 Kd6 $14) 59... b6 $2 (59... Kc7 {keeps fighting.} 60. Rh1 (60. cxd5 Kd6 $16) 60... Kd6) 60. axb6 Rxb6 {Threatening ...dxc4.} 61. c5 ({Not} 61. cxd5 a5 $16) 61... Rxb3 {White must now prevent ...Rb2+.} 62. Rxh6 a5 (62... Rb2+ $142 63. Ke3 Rb3+ 64. Kd2 a5 65. Rd6+ {[%mdl 64] Double Attack} Kc7) 63. Rd6+ Kc7 64. Rxd5 a4 65. Rxg5 Rb7 (65... a3 $142 66. c6 Kxc6) 66. c6 $2 (66. Rg7+ Kb8 67. Rg8+ Ka7 68. Rh8) 66... Ra7 $2 (66... Kxc6 67. Ra5 Rb4) 67. Rg7+ Kb6 68. Rxa7 Kxa7 {KP-KP} 69. g5 a3 70. c7 Kb7 71. g6 {Intending g7 and mate.} a2 72. c8=Q+ {[%mdl 64] Promotion} Kxc8 73. g7 a1=Q 74. g8=Q+ {KQ-KQ} Kd7 75. Qd5+ Ke7 76. Qe5+ Kf7 77. Kg2 Kg6 78. Qe6+ {White mates.} Kg5 79. d5 Qb2+ 80. Kg3 Qa1 81. f4+ Kh5 82. Qe5+ {[%mdl 64] Double Attack} Kg6 {Weighted Error Value: White=0.27/Black=0.39} 1-0

[Event "European Online Club-ch-C 2021"]
[Site "Online"]
[Date "2021.03.27"]
[Round "5.11"]
[White "Reuker, Jari"]
[Black "Esipenko, Andrey"]
[Result "0-1"]
[WhiteElo "2423"]
[BlackElo "2677"]
[Annotator "ChessBase"]
[PlyCount "116"]
[EventDate "2021.03.27"]
[EventType "team-tourn"]
[EventCountry "NET"]
[SourceTitle "playchess.com"]
[Source "ChessBase"]
[SourceQuality "1"]
[TimeControl "900+5"]

1. c4 {[%emt 0:00:00]} Nf6 {[%emt 0:02:16]} 2. Nc3 {[%emt 0:00:04]} e5 {[%emt 0:00:16]} 3. Nf3 {[%emt 0:01:13]} Nc6 {[%emt 0:00:04]} 4. e4 {[%emt 0:00:01]} Bb4 {[%emt 0:00:06]} 5. d3 {[%emt 0:00:02]} d6 {[%emt 0:00:04]} 6. Be2 {[%emt 0:00:06]} a5 {[%emt 0:00:06]} 7. O-O {[%emt 0:00:15]} Bc5 {[%emt 0:00:02]} 8. Be3 {[%emt 0:00:28]} Bxe3 {[%emt 0:00:58]} 9. fxe3 {[%emt 0:00:00]} O-O {[%emt 0:00:04]} 10. Nd5 {[%emt 0:01:53]} Nxd5 {[%emt 0:01:03]} 11. cxd5 {[%emt 0:01:33]} Ne7 {[%emt 0:00:15]} 12. Rc1 {[%emt 0:00:28]} c6 {[%emt 0:00:24]} 13. dxc6 {[%emt 0:00:55]} bxc6 {[%emt 0:01:22]} 14. d4 {[%emt 0:02:28]} exd4 {[%emt 0:00:12]} 15. exd4 {[%emt 0:00:03]} h6 {[%emt 0:00:14]} 16. Qd2 {[%emt 0:00:25]} Be6 {[%emt 0:00:10]} 17. Bc4 {[%emt 0:00:32]} Qd7 {[%emt 0:00:46]} 18. Kh1 {[%emt 0:00:45]} a4 {[%emt 0:00:12]} 19. d5 {[%emt 0:01:17]} cxd5 {[%emt 0:00:14]} 20. exd5 {[%emt 0:00:02]} Bf5 {[%emt 0:00:22]} 21. Nd4 {[%emt 0:00:02]} Bg6 {[%emt 0:00:51]} 22. Bb5 {[%emt 0:00:28]} Qa7 {[%emt 0:00:35]} 23. Bc6 {[%emt 0:00:46]} Rad8 {[%emt 0:00:44]} 24. Rc4 {[%emt 0:00:58]} Rb8 {[%emt 0:00:53]} 25. Rxa4 {[%emt 0:00:40]} Qb6 {[%emt 0:00:03]} 26. b3 {[%emt 0:00:13]} Be4 {[%emt 0:00:20]} 27. Qe3 {[%emt 0:00:48]} Bxd5 {[%emt 0:00:25]} 28. Qxe7 {[%emt 0:00:11]} Bxc6 {[%emt 0:00:02]} 29. Nxc6 {[%emt 0:00:10]} Qxc6 {[%emt 0:00:00]} 30. Qe2 {[%emt 0:00:10]} Rb5 {[%emt 0:00:17]} 31. Rc4 {[%emt 0:00:05]} Qa8 {[%emt 0:00:07]} 32. Rc7 {[%emt 0:00:17]} Re5 {[%emt 0:00:28]} 33. Qf2 {[%emt 0:00:04]} Qd5 {[%emt 0:00:01]} 34. h3 {[%emt 0:00:08]} Qe6 {[%emt 0:00:28]} 35. Rc2 {[%emt 0:00:14]} d5 {[%emt 0:00:12]} 36. Rd2 {[%emt 0:00:07]} Rc8 {[%emt 0:00:01]} 37. b4 {[%emt 0:00:06]} Rc3 {[%emt 0:00:29]} 38. Kh2 {[%emt 0:00:02]} Rh5 {[%emt 0:01:07]} 39. Qf4 {[%emt 0:00:02]} Rcxh3+ {[%emt 0:00:36]} 40. gxh3 {[%emt 0:00:00]} Qxh3+ {[%emt 0:00:01]} 41. Kg1 {[%emt 0:00:02]} Rg5+ {[%emt 0:00:02]} 42. Kf2 {[%emt 0:00:16]} Rf5 {[%emt 0:00:02]} 43. Qxf5 {[%emt 0:00:01]} Qxf5+ {[%emt 0:00:03]} 44. Ke2 {[%emt 0:00:13]} Qe4+ {[%emt 0:00:02]} 45. Kf2 {[%emt 0:00:02]} Qxb4 {[%emt 0:00:01]} 46. Rfd1 {[%emt 0:00:01]} Qa3 {[%emt 0:00:07]} 47. Re1 {[%emt 0:00:11]} h5 {[%emt 0:00:23]} 48. Re3 {[%emt 0:00:03]} Qd6 {[%emt 0:00:01]} 49. Red3 {[%emt 0:00:02]} h4 {[%emt 0:00:02]} 50. Kg2 {[%emt 0:00:04]} g5 {[%emt 0:00:06]} 51. Rxd5 {[%emt 0:00:14]} Qg3+ {[%emt 0:00:03]} 52. Kh1 {[%emt 0:00:02]} Qf3+ {[%emt 0:00:03]} 53. Kh2 {[%emt 0:00:06]} g4 {[%emt 0:00:02]} 54. Rg5+ {[%emt 0:00:02]} Kf8 {[%emt 0:00:03]} 55. Rd8+ {[%emt 0:00:10]} Ke7 {[%emt 0:00:02]} 56. Rgg8 {[%emt 0:00:02]} Qf2+ {[%emt 0:00:14]} 57. Kh1 {[%emt 0:00:03]} g3 {[%emt 0:00:05]} 58. Rde8+ {[%emt 0:00:05]} Kf6 {[%emt 0:00:02]} 0-1